000 00606nam a2200169 a 4500
001 000038302
005 20240528191003.0
008 130408s2000 cr r 000 0 spa d
040 _aDO-SdBNP
_bspa
_cBNPHU
082 _axxxx
_bxxxx
245 0 0 _aAcceso a la justicia y equidad :
_bestudio en siete países de América Latina /
_ccoordinador José Thompson.
260 _aSan José, Costa Rica :
_bBID ,
_bIIDH ,
_c2000.
300 _a491 p. ;
_c27 cm.
590 _aInventariado, 2019/BT
710 2 _aBanco Interamericano de Desarrollo
_99655
710 1 _aInstituto Interamericano de Derechos Humanos
_964666
999 _c37792
_d37792